000 00688nam a2200241Ia 4500
003 OSt
005 20220918180807.0
006 a|||||r|||| 00| 0
007 ta
008 220917b |||||||| |||| 00| 0 eng d
024 _a24,169
037 _cTextual
040 _aARTS
_cARTS
_beng
041 _2eng
_aeng
082 _aO111:gK, M6
100 _aGuibbory Achsah
_934780
245 0 _aMap of time
_b seventeenth-century english literature and ideas of pattern in history
260 _aUrbana
_bUniv Of Illinois
_c1986
300 _a284p.
_ccm.
650 _aENGLISH LITERATURE
942 _hO111:gK, M6
_cTEXL
_2CC
999 _c163150
_d163150